000 01130ny a22002653n 4500
005 20240305165336.0
008 090722c20uu9999it f p s 000 b eng d
022 _a1970-2620
035 _a4612
040 _aBUAL
_dvLex
041 0 _aitaspaeng
080 _a336.2(05)
090 _c1843
_d1843
245 3 0 _aEuropean tax studies
_h[Recurso electrónico]
_bthe tax law review of the European School of Advanced Tax Studies
256 _aServicio en línea
260 _aBolonia :
_bScuola Europea di Alti Studi Tributari
310 _aSemestral
506 1 _aContenido solo disponible en los productos indicados
_dvLex Global
_dvLex Global (Academic Edition, excluding Law Schools)
_dvLex Global (U.S. Academic Edition, Law Schools)
_dvLex Global (U.S. Academic Edition, excluding Law Schools)
_dvLex Global (Academic Edition, Law Schools)
650 0 4 _aDerecho fiscal
_zPaíses de la Unión Europea
_xPublicaciones periódicas
740 0 _avLex Revista (Servicios en línea)
843 _aElectrónica. Abierta
853 _81
_i(year)
_j(month)
_k(day)
856 4 0 _uhttps://app.vlex.com/#/sources/4612
942 _cRAA
999 _c160301
_d160301